Songs from the First Line(s) - 2021 - Statistics

General Stats
  • This quiz has been taken 275 times
  • The average score is 11 of 30
Answer Stats
Hint Answer % Correct
Songs I got my driver's license last week / Just like we always talked about / 'Cause you were so excited for me / To finally drive up to your house Artist(s) Olivia Rodrigo
95%
Songs Well good for you, I guess you moved on really easily / You found a new girl and it only took a couple weeks Artist(s) Olivia Rodrigo
95%
Songs I got my driver's license last week / Just like we always talked about / 'Cause you were so excited for me / To finally drive up to your house Song Drivers License
93%
Songs Smooth like butter / Like a criminal undercover / Gon' pop like trouble / Breakin' into your heart like that (Ooh) / Cool shade stunner Artist(s) BTS
76%
Songs Well good for you, I guess you moved on really easily / You found a new girl and it only took a couple weeks Song Good 4 U
75%
Songs Smooth like butter / Like a criminal undercover / Gon' pop like trouble / Breakin' into your heart like that (Ooh) / Cool shade stunner Song Butter
71%
Songs When I'm away from you / I'm happier than ever / Wish I could explain it better / I wish it wasn't true Artist(s) Billie Eilish
51%
Songs When I'm away from you / I'm happier than ever / Wish I could explain it better / I wish it wasn't true Song Happier Than Ever
46%
Songs Every time you come around, you know I can't say no / Every time the sun goes down, I let you take control Artist(s) Ed Sheeran
45%
Songs I took an arrow to the heart / I never kissed a mouth that tastes like yours / Strawberries and then something more / Ooh yeah, I want it all Artist(s) Ed Sheeran
45%
Songs It was my wedding day / It was our wedding day / We were getting ready / And there wasn't a cloud in the sky / No clouds allowed in the sky Song We Don't Talk About Bruno
42%
Songs I do the same thing I told you that I never would / I told you I'd change, even when I knew I never could Artist(s) The Kid Laroi / Justin Bieber
39%
Songs I do the same thing I told you that I never would / I told you I'd change, even when I knew I never could Song Stay
37%
Songs It was my wedding day / It was our wedding day / We were getting ready / And there wasn't a cloud in the sky / No clouds allowed in the sky Artist(s) Encanto
35%
Songs There once was a ship that put to sea / The name of the ship was the Billy of Tea / The winds blew up, her bow dipped down / O blow, my bully boys, blow (Huh!) Song Wellerman (Sea Shanty)
34%
Songs Every time you come around, you know I can't say no / Every time the sun goes down, I let you take control Song Bad Habits
31%
Songs I took an arrow to the heart / I never kissed a mouth that tastes like yours / Strawberries and then something more / Ooh yeah, I want it all Song Shivers
29%
Songs There ain't no gold in this river / That I've been washing my hands in forever / I know there is hope in these waters / But I can't bring myself to swim Artist(s) Adele
26%
Songs Loro non sanno di che parlo / Vestiti sporchi, fra', di fango / Giallo di siga' fra le dita / Io con la siga' camminando Artist(s) Måneskin
22%
Songs There ain't no gold in this river / That I've been washing my hands in forever / I know there is hope in these waters / But I can't bring myself to swim Song Easy On Me
21%
Songs We hug and yes, we make love / And always just say "Goodnight" (La-la-la-la-la) / And we cuddle, sure I do love it Artist(s) Doja Cat / SZA
20%
Songs There once was a ship that put to sea / The name of the ship was the Billy of Tea / The winds blew up, her bow dipped down / O blow, my bully boys, blow (Huh!) Artist(s) Nathan Evans / 220 Kid / Billen Ted
18%
Songs We hug and yes, we make love / And always just say "Goodnight" (La-la-la-la-la) / And we cuddle, sure I do love it Song Kiss Me More
17%
Songs Loro non sanno di che parlo / Vestiti sporchi, fra', di fango / Giallo di siga' fra le dita / Io con la siga' camminando Song Zitti e buoni
14%
Songs Jordan 4's or Jordan 1's, Rolexes, got more than one / My AP cost thirty-one, millimeter's forty-one Artist(s) Dave / Stormzy
9%
Songs I know it ain't all that late / But you should probably leave / I recognize that look in your eyes / Yeah, you should probably leave Song You Should Probably Leave
9%
Songs I know it ain't all that late / But you should probably leave / I recognize that look in your eyes / Yeah, you should probably leave Artist(s) Chris Stapleton
8%
Songs Jordan 4's or Jordan 1's, Rolexes, got more than one / My AP cost thirty-one, millimeter's forty-one Song Clash
5%
Songs I wouldn't mind being alone / I wouldn't keep checking my phone / Wouldn't take the long way home Artist(s) Jason Aldean / Carrie Underwood
3%
Songs I wouldn't mind being alone / I wouldn't keep checking my phone / Wouldn't take the long way home Song If I Didn't Love You
2%
No matching quizzes found
Score Distribution
Percent of People with Each Score
Percentile by Number Answered
Your Score History
You have not taken this quiz